Vývoj zásob industriálnych robotov v Japonsku
Medziročný rast populácie v Japonsku. Automatizácia produkčného procesu. Vývoj automatizácie pracovného procesu. Zásoba industriálnych robotov.
Saved in:
| Main Author: | |
|---|---|
| Format: | Book Chapter |
| Language: | Slovak |
| Subjects: | |
| Tags: |
No Tags, Be the first to tag this record!
|
MARC
| LEADER | 00000naa a2200000 4500 | ||
|---|---|---|---|
| 001 | 0261025 | ||
| 005 | 20240502074137.5 | ||
| 041 | 0 | |a slo | |
| 044 | |a SK | ||
| 245 | 1 | 0 | |a Vývoj zásob industriálnych robotov v Japonsku |c Viktória Švardová |
| 520 | |a Medziročný rast populácie v Japonsku. Automatizácia produkčného procesu. Vývoj automatizácie pracovného procesu. Zásoba industriálnych robotov. | ||
| 610 | 2 | 0 | |a populácia |
| 610 | 2 | 0 | |a Japonsko |
| 610 | 2 | 0 | |a robotizácia |
| 610 | 2 | 0 | |a automatizácia |
| 610 | 2 | 0 | |a proces výrobný |
| 610 | 2 | 0 | |a zásoby |
| 100 | 1 | |a Švardová, Viktória, 1991- | |